LEADER 00908nam0-22003251i-450- 001 990001330380403321 010 $a0-387-94258-0 035 $a000133038 035 $aFED01000133038 035 $a(Aleph)000133038FED01 035 $a000133038 100 $a20000920d1994----km-y0itay50------ba 101 0 $aeng 200 1 $aMathematical Logic$eSecond edition$fH. -D. Ebbinghaus, J. Flum, W. Thomas. 205 $a2nd ed. - 210 $aNew York$cSpringer-Verlag$dc1994. 215 $ax, 289 p.$cill.$d24 cm 610 0 $aLogica matematica$aFondamenti 676 $a511.3 700 1$aEbbinghaus,$bHeinz-Dieter$046491 702 1$aFlum,$bJorg 702 1$aThomas,$bWolfgang 801 0$aIT$bUNINA$gRICA$2UNIMARC 901 $aBK 912 $a990001330380403321 952 $aC-4-(64-2ED$b12471$fMA1 959 $aMA1 996 $aMathematical Logic$9376464 997 $aUNINA DB $aING01 LEADER 01417nam0-2200445---450 001 990005659840203316 005 20190403124952.0 035 $a000565984 035 $aUSA01000565984 035 $a(ALEPH)000565984USA01 035 $a000565984 100 $a20050119d1984----|||y0itaa50------ba 101 $aita 102 $ait 105 $a0 00||| 200 1 $a<> forma fonica della lingua$fRoman Jakobson e Linda R. Waugh$gcon la collaborazione di Martha Taylor$gintroduzione di Cesare Segre 210 $aMilano$cIl Saggiatore$d1984 215 $aXXIV, 332 p.$d21 cm. 225 2 $a<> cultura$v15 410 0$12001$a<> cultura$v15 454 $1001SA0012346$12001$a<> sound shape of language$fRoman Jakobson e Linda R. Waugh$951378 606 $aLinguistica strutturale$2F 620 $dMILANO 676 $a410.9 700 1$aJAKOBSON,$bRoman$0126074 701 1$aWAUGH,$bLinda R.$0153914 702 1$aSEGRE,$bCesare 702 1$aTAYLOR,$bMartha 801 0$aIT$bSA$c20111219 912 $a990005659840203316 950 0$aDipar.to di Filosofia - Salerno$dDFCC 410.9 JAK$e2572 FIL 951 $aCC 410.9 JAK$b2572 FIL 959 $aBK 969 $aFIL 979 $c20121027$lUSA01$h1525 979 $c20121027$lUSA01$h1615 979 $aPATRY$b90$c20130312$lUSA01$h1705 996 $aSound shape of language$951378 997 $aUNISA NUM $aSA0012345